000 00873nas a2200289 4500
001 BR2011000213
003 BR-BrBNA
005 20231205114836.0
007 ta
008 230509b bl.|||p| |||| 00| 00por d
040 _aBR-BrBNA
_bpor
_cBiblioteca Nacional de Agricultura
041 _a(Pt)
072 _aF30; H20; H10
100 1 _aAlmeida, C.M.V.C. de
100 1 _aDias, L.A. dos S.
100 1 _aSilva, A. de P.
245 1 _aCaracterização agronômica de acessos de cacau
650 _aCACAU
650 _aTHEOBROMA CACAO
650 _aRECURSO GENÉTICO
650 _aVARIAÇÃO GENÉTICA
650 _aDOENÇA DE PLANTA
650 _aVASSOURA-DE-BRUXA
773 0 _tPesquisa Agropecuária Brasileira (Brazil)
_xISSN 0100-204X
_g(Apr 2009), v. 44(4) p. 368-373
_wBR2011000213
909 _a202311
_bLúcia
_c55
_dLúcia Elande
942 _2AGRIS
_n0
_cANA
999 _c210772
_d210772